Utopie und Realität: christliche Lebens- und Weltgestaltung zwischen Anspruch und Wirklichkeit
| Main Author: | |
|---|---|
| Format: | Print Article |
| Language: | German |
| Check availability: | HBZ Gateway |
| Interlibrary Loan: | Interlibrary Loan for the Fachinformationsdienste (Specialized Information Services in Germany) |
| Published: |
1983
|
| In: |
Geist & Leben
Year: 1983, Volume: 56, Issue: 6, Pages: 422-432 |
| Further subjects: | B
Church and the world
B Responsibility for the world B Utopia |
MARC
| LEADER | 00000caa a2200000 c 4500 | ||
|---|---|---|---|
| 001 | 596378939 | ||
| 003 | DE-627 | ||
| 005 | 20220705132241.0 | ||
| 007 | tu | ||
| 008 | 160405s1983 xx ||||| 00| ||ger c | ||
| 035 | |a (DE-627)596378939 | ||
| 035 | |a (DE-576)463893883 | ||
| 035 | |a (DE-599)GBV596378939 | ||
| 040 | |a DE-627 |b ger |c DE-627 |e rakwb | ||
| 041 | |a ger | ||
| 084 | |a 1 |2 ssgn | ||
| 100 | 1 | |0 (DE-588)118597868 |0 (DE-627)135640857 |0 (DE-576)162649398 |4 aut |a Rahner, Karl |d 1904-1984 | |
| 109 | |a Rahner, Karl 1904-1984 |a Rānā, Kāru 1904-1984 |a Lana, K. 1904-1984 |a Rahner, K. 1904-1984 |a Rahneris, Karlas 1904-1984 |a Raner, Karl 1904-1984 |a Rahner, Carolus 1904-1984 |a Rahner, Karol 1904-1984 | ||
| 245 | 1 | 0 | |a Utopie und Realität |b christliche Lebens- und Weltgestaltung zwischen Anspruch und Wirklichkeit |
| 264 | 1 | |c 1983 | |
| 336 | |a Text |b txt |2 rdacontent | ||
| 337 | |a ohne Hilfsmittel zu benutzen |b n |2 rdamedia | ||
| 338 | |a Band |b nc |2 rdacarrier | ||
| 601 | |a Realität | ||
| 601 | |a Anspruch | ||
| 601 | |a Wirklichkeit | ||
| 650 | 4 | |a Utopie | |
| 650 | 4 | |a Weltverantwortung | |
| 650 | 4 | |a Utopia | |
| 650 | 4 | |a Church and the world | |
| 773 | 0 | 8 | |i In |t Geist & Leben |d Würzburg : Echter, 1947 |g 56(1983), 6, Seite 422-432 |w (DE-627)130122769 |w (DE-600)506125-8 |w (DE-576)015656063 |x 0016-5921 |7 nnas |
| 773 | 1 | 8 | |g volume:56 |g year:1983 |g number:6 |g pages:422-432 |
| 935 | |a mteo | ||
| 951 | |a AR | ||
| ELC | |b 1 | ||
| ITA | |a 1 |t 1 | ||
| LOK | |0 000 xxxxxcx a22 zn 4500 | ||
| LOK | |0 001 3311635515 | ||
| LOK | |0 003 DE-627 | ||
| LOK | |0 004 596378939 | ||
| LOK | |0 005 20160405104625 | ||
| LOK | |0 008 160404||||||||||||||||ger||||||| | ||
| LOK | |0 040 |a DE-Tue135 |c DE-627 |d DE-Tue135 | ||
| LOK | |0 092 |o n | ||
| LOK | |0 852 |a DE-Tue135 | ||
| LOK | |0 852 1 |9 00 | ||
| LOK | |0 935 |a ixzs |a ixmi | ||
| LOK | |0 939 |a 04-04-16 |b l01 | ||
| ORI | |a SA-MARC-ixtheoa001.raw | ||
| STA | 0 | 0 | |a Responsibility for the world,Universal responsibility,World responsibility,Global responsibility,Utopia,Ideal state,Social utopia,Political utopia |
| STB | 0 | 0 | |a Responsabilité envers le monde,Responsabilité dans le monde,Responsabilité dans le monde,Utopie |
| STC | 0 | 0 | |a Responsabilidad por el mundo,Utopía |
| STD | 0 | 0 | |a Responsabilità per il mondo,Utopia |
| STE | 0 | 0 | |a 世界责任,乌托邦 |
| STF | 0 | 0 | |a 世界責任,烏托邦 |
| STG | 0 | 0 | |a Responsabilidade pelo mundo,Utopia |
| STH | 0 | 0 | |a Ответственность за мир,Утопия |
| STI | 0 | 0 | |a Ευθύνη για τον κόσμο,Ουτοπία |
| SYE | 0 | 0 | |a Politische Utopie,Utopismus,Sozialutopie,Staatsutopie,Idealstaat,Utopien |